Mega Click to Translate: Dutch - Statistics

General Stats
  • This quiz has been taken 51 times
  • The average score is 29 of 50
Answer Stats
Hint Answer % Correct
mountain berg
95%
green groen
95%
year jaar
95%
nose neus
95%
swim zwemmen
95%
bite bijten
89%
flower bloem
89%
knee knie
89%
mother moeder
89%
snow sneeuw
89%
stone steen
89%
egg ei
84%
son zon
84%
new nieuw
79%
old oud
79%
bird vogel
79%
wash wassen
74%
animal dier
63%
head hoofd
63%
snake slang
63%
five vijf
63%
laugh lachen
58%
left links
58%
fly vliegen
58%
forest woud
58%
see zien
58%
tree boom
53%
big groot
53%
narrow smal
53%
woman vrouw
53%
road weg
53%
skin huid
47%
count tellen
47%
know weten
47%
wide breed
42%
back rug
42%
dust stof
42%
when wanneer
37%
heavy zwaar
37%
you jij
32%
smell ruiken
32%
die sterven
32%
fire vuur
32%
few weinig
32%
hit slaan
26%
sky lucht
21%
because omdat
21%
rope touw
21%
smooth glad
16%
tail staart
16%
No matching quizzes found
Score Distribution
Percent of People with Each Score
Percentile by Number Answered
Your Score History
You have not taken this quiz